Special report (Record no. 82389)

MARC details
000 -LEADER
fixed length control field 01009cam a22002415a 4500
001 - CONTROL NUMBER
control field L150087
008 - FIXED-LENGTH DATA ELEMENTS--GENERAL INFORMATION
fixed length control field 100601e2010 xxk 000 0 eng d
035 ## - SYSTEM CONTROL NUMBER
System control number (Sirsi) u150087
041 0# - LANGUAGE CODE
Language code of text/sound track or separate title eng
100 1# - MAIN ENTRY--PERSONAL NAME
Personal name Whitten, Nick
245 00 - TITLE STATEMENT
Title Special report
Remainder of title low carbon
-- the great British refurb; carbon capture opportunity; what Part L means to you.
260 n# - PUBLICATION, DISTRIBUTION, ETC.
Date of publication, distribution, etc. 2010
490 ## - SERIES STATEMENT
Series statement Construction News
Volume/sequential designation 7169 27 May 2010, 38-46(7)
520 ## - SUMMARY, ETC.
Summary, etc. Special report on low carbon in the UK examines the implications of refurbishing housing under EU regulations; research into capturing and storing carbon and the necessary commercial preparation; CCS plants; relevant Building Regulations; all new buildings to be zero-carbon by 2020; building inspectors; specifications.
590 ## - LOCAL NOTE (RLIN)
Local note KA
651 #4 - SUBJECT ADDED ENTRY--GEOGRAPHIC NAME
Geographic name United Kingdom
Chronological subdivision
690 ## - LOCAL SUBJECT ADDED ENTRY--TOPICAL TERM (OCLC, RLIN)
Topical term or geographic name as entry element BUILT ENVIRONMENT-SUSTAINABLE CONSTRUCTION
700 1# - ADDED ENTRY--PERSONAL NAME
Personal name Rennison, Andy
700 1# - ADDED ENTRY--PERSONAL NAME
Personal name Schunmann, Damon
700 1# - ADDED ENTRY--PERSONAL NAME
Personal name Boley, James
700 1# - ADDED ENTRY--PERSONAL NAME
Personal name Wilkinson, Geoff
942 ## - ADDED ENTRY ELEMENTS (KOHA)
Suppress in OPAC 0
Holdings
Withdrawn status Lost status Source of classification or shelving scheme Damaged status Not for loan Home library Current library Shelving location Date acquired Total Checkouts Full call number Barcode Date last seen Copy number Price effective from Koha item type
    Dewey Decimal Classification     London London Journal article 01/06/2010   L150087 150087-1001 06/08/2019 1 06/08/2019 Journal article